| 000 | 00530nam a2200205Ia 4500 | ||
|---|---|---|---|
| 003 | OSt | ||
| 005 | 20230515153502.0 | ||
| 008 | 210423s2011 xx 000 0 und d | ||
| 020 | _a9780415607537 | ||
| 040 | _cAL | ||
| 041 | _aeng | ||
| 082 |
_a616.079 LYDP _223 |
||
| 100 |
_aLYDYARD(Peter);others. _9104140 |
||
| 245 | _aBIOS instant notes in immunology. | ||
| 260 |
_aNew York _bGarland Science _c2011 |
||
| 300 |
_ax,358 _bPB |
||
| 365 |
_b395 _cINR |
||
| 906 | _aBIOS ; immunology. ; instant ; notes | ||
| 942 |
_2ddc _cBK |
||
| 999 |
_c164726 _d164726 |
||